| 000 | 00618nam a2200205Ia 4500 | ||
|---|---|---|---|
| 005 | 20250624151542.0 | ||
| 008 | 008 250516s9999 xx 000 0 eng d | ||
| 020 | _a9789819971107 | ||
| 040 |
_beng _cSDCL |
||
| 041 |
_aeng _2eng |
||
| 084 | _aB3166 R4 | ||
| 100 |
_aMal, Arpita _9810210 |
||
| 245 | 0 | _aBirkhoff-James orthogonality and geometry of operator spaces | |
| 260 |
_aSingapore : _bSpringer, _c2024. |
||
| 300 | _axiii, 251p. | ||
| 490 | _aInfosys science foundation series in mathematical sciences | ||
| 650 | _aMathematics | ||
| 700 |
_aPaul, KallolSain, Debmalya _9810211 |
||
| 942 |
_cTEXL _2CC |
||
| 999 |
_c1430777 _d1430777 |
||